| 000 | 00488nam a2200181Ia 4500 | ||
|---|---|---|---|
| 999 |
_c50416 _d50416 |
||
| 001 | 17360 | ||
| 003 | GE_BSU | ||
| 005 | 20230824125528.0 | ||
| 008 | 181216s2007||||enk|||||||||||||| ||eng|| | ||
| 040 | _cGE_BSU | ||
| 041 | _aeng | ||
| 080 | _a33 A-88 | ||
| 245 | _aAssessment of the impast of potential free trade agrement. | ||
| 264 | _c2007. | ||
| 300 | _a149 p. | ||
| 653 | _aთავისუფალი ვაჭრობის შეთანხმები | ||
| 942 |
_cBK _2udc |
||